000 00681cam a22002413a 4500
001 27015
003 PGUSA
005 20140828083601.0
008 081024s2008||||xxu|||||s|||||000 | eng d
040 _aPGUSA
_beng
042 _adc
050 4 _aQ
100 1 _aLankester, E. Ray,
_cSir
_q(Edwin Ray),
_d1847-1929
245 1 0 _aMore Science From an Easy Chair
_h[electronic resource] /
_cE. Ray, Lankester
260 _bProject Gutenberg,
_c2008
506 _aPublic domain in the USA.
516 _aElectronic text
653 _aScience
653 _aNatural history
830 0 _aProject Gutenberg
_v27015
856 4 0 _uhttp://www.gutenberg.org/ebooks/27015
942 _cEB
999 _c256270
_d256270